000 01204njm a2200385 c 4500
001
003 DO-SdBNP
005 20250205090221.0
008 160127s 2008 sp d spa
015 _a
017 _a
_b
020 _a9788497645768
028 0 0 _a
_b
035 _a
040 _aBPMSU
_bspa
_cBPMSU
_e
082 _a923.146
_bF363D 2008
_222
084 _a
_2
100 1 _aDíaz Villanueva, Fernando
_d1970-
_4
240 1 0 _a
_n
_r
245 1 0 _a Femando el Católico /
_c Fernando Díaz Villanueva
260 _aMadrid :
_bEdimat Libros,
_c2008
300 _a190 p. ;
_c23 cm.
_e
_b
490 0 _aGrandes biografías
500 _a Incluye referencias bibliográficas y notas al pie de las páginas
504 _aBibliografía. p.: 187-188
505 0 _a
511 1 _aLudwig Trio ; Hyo-Sun Lim, piano ; Orquesta Sinfónica de Galicia ; Víctor Pablo Pérez, director
590 _6Inventariado, 2022/VM
600 1 4 _aFernando
_bV,
_cEl Católico, Rey de España,
_d1452-1510.
650 4 _aMonarquía
_y1452-1516.
_zEspaña
_x
650 4 _aReyes y soberanos
_y1452-1516.
651 4 _aEspaña
_xHistoria
_y1452-1516.
910 _aVMateo V.
942 _2ddc
_cBK
999 _c14270
_d14270